Talleres de literatura teoría-metodologia-creación (Registro nro. 23341)

Detalles MARC
000 -ENCABEZADO
Número de control [NR] 00638nam a2200181Ia 4500
008 - DE LONGITUD FIJA DE DATOS DE ELEMENTOS - INFORMACIÓN GENERAL
Elementos de longitud fija [NR] 130821s1984 ck gr spa
040 ## - FUENTE DE CATALOGACION [NR]
Agencia de catalogación original [NR] Co-BoUCM
Idioma de catalogación [NR] spa
041 00 - CODIGO DE IDIOMA [R]
Código de idioma para texto/pista de sonido o título separado [R] Español
100 ## - ASIENTO PRINCIPAL--NOMBRE PERSONAL [NR]
Nombre personal [NR] Leal, Eutiquio
ID Autoridad 156890
245 00 - MENCION DE TITULO [NR]
Título [NR] Talleres de literatura teoría-metodologia-creación
Mención de responsabilidad, etc. [NR] Eutiquio Leal
260 ## - PUBLICACION, DISTRIBUCION, ETC. (PIE DE IMPRENTA) [R]
Lugar de publicación, distribución, etc. [R] Bogotá (Colombia)
Nombre del editor, distribuidor, etc. [R] Fundacion Universitaria Autonoma de Colombia
Fecha de publicación, distribución, etc. [R] 1984
300 ## - DESCRIPCION FISICA [R]
Extensión [R] 204 páginas
490 ## - MENCION DE SERIE [R]
Mención de serie [R] Taller de Escritores "Gabriel Garcia Marquez"
650 04 - ASIENTO SECUNDARIO DE MATERIA - TERMINO TEMATICO [R]
Término temático o nombre geográfico como elemento de entrada [NR] Literatura colombiana
9 (RLIN) 18629
650 04 - ASIENTO SECUNDARIO DE MATERIA - TERMINO TEMATICO [R]
Término temático o nombre geográfico como elemento de entrada [NR] Novela colombiana
9 (RLIN) 20483
942 ## - ELEMENTOS DE ENTRADA AGREGADOS (KOHA)
Tipo de ítem principal el descrito en 300a Libro
Tema principal Literatura
Edición 1
Parte restante de la signatura top. L31
Sistema de clasificación DEWEY
Clasificación 860
Existencias
Signatura topográfica Código de barras Última vez visto Ejemplar Price effective from Tipo de ítem Perdido Sistema de clasificación Dañado No prestable Tipo de ítem específico Suprimido Ubicación habitual Ubicación actual Localización Fecha de creación Forma de adquisición Costo
860 L31 100025264 09/12/2025 Ej.1 03/02/2013 Libro   DEWEY     Libro   Claustro Claustro 2do piso 28/02/2003 Donación 800.00